Русские локализации видеоигр - Statistics

General Stats
  • This quiz has been taken 98 times
  • The average score is 7 of 15
Answer Stats
Перевод Оригинальное название % Correct
Одни из нас The Last of Us
94%
Детройт: Стать человеком Detroit: Become Human
88%
Ведьмак 3: Дикая охота The Witcher III: Wild Hunt
81%
Ведьмак 2: Убийцы королей The Witcher 2: Assassins of Kings
79%
Киллер: Агент 47 Hitman: Codename 47
70%
S.T.A.L.K.E.R.: Тень Чернобыля S.T.A.L.K.E.R.: Shadow of Chernobyl
64%
S.T.A.L.K.E.R.: Чистое небо S.T.A.L.K.E.R.: Clear Sky
57%
За гранью: Две души Beyond: Two Souls
54%
S.T.A.L.K.E.R.: Зов Припяти S.T.A.L.K.E.R.: Call of Pripyat
53%
Герои меча и магии Heroes of Might and Magic
39%
Возрождение Fallout
6%
Антошка идёт копать бананы [да-да, "перевели" именно так] Drilling Billy
4%
Братан Kingpin: Life of Crime
4%
Сорванец Tearaway
4%
Капитан Коготь Claw
3%
No matching quizzes found
Score Distribution
Percent of People with Each Score
Percentile by Number Answered
Your Score History
You have not taken this quiz